000 00538nam a2200169Ia 4500
008 150610s9999 xx 000 0 und d
020 _a0 877791457
050 _aPN6075
_b.B47 1999
100 _aEspy, Willard R.
245 4 _aThe best of an almanac of words at play /
_cWillard R. Espy.
260 _aMassachusetts :
_bMerriam-Webster, Incorporated,
_c1999.
300 _a370pages ;
_c24 cm.
520 _aLiterary calendars.
650 _aEnglish language-Lexicology
_xAnecdotes.
650 _aPlay on words.
650 _aWord games.
999 _c287985
_d287985